| 000 | 00977nam a2200181Ia 4500 | ||
|---|---|---|---|
| 008 | 000000[200?] d 0000000000spa00 | ||
| 090 | _aPPR02 R83n | ||
| 100 | 1 |
_aRuíz, Noemi _d1931 |
|
| 245 | 1 | 0 | _aNoemí Ruiz ; síntesis de mi espacio y tiempo ; Cd No. 2 [Disco compacto] |
| 264 | _a< s.l. : s.n. > | ||
| 300 | _a1 CD ROM bajo windows ; 12 cm. | ||
| 505 | _aCalor de verano El intruso Coqui Encuentro azul con una máscara pérdida Espacio rojo y veleros en el tiempo Estudio composición de formas y color Formas flotando en el espacio Línea de estrella fugaz L{ineas dinamismo y forma Paisaje cambiante Ritmo de azules y laberinto oculto Tiempo y espacio plano Tierra caribeña teXtura y calor Viaje en el tiempo | ||
| 600 | 0 | 0 |
_aRUIZ, NOEMI, 1931/ _xTRABAJOS PICTORICOS |
| 650 | 1 | 4 | _aARTE CONTEMPORANEO PUERTORRIQUEÑO CDROM |
| 650 | 1 | 4 | _aPINTORES PUERTORRIQUEÑOS CDROM |
| 650 | 1 | 4 | _aPINTURA PUERTORRIQUEÑA CDROM |
| 999 |
_c8924 _d8924 |
||
| 260 | _c2000 | ||